| 000 | 00571nam a2200205Ia 4500 | ||
|---|---|---|---|
| 005 | 20250923145146.0 | ||
| 008 | 008 250917s9999 xx 000 0 eng d | ||
| 037 | _aTextual | ||
| 040 |
_aDSWL _beng _cDSWL |
||
| 041 |
_aeng _2eng |
||
| 084 |
_aYX;1-m7.56, N68 _qDSWL |
||
| 100 |
_aGillette, Arthur _9832360 |
||
| 245 | 0 |
_aOne Million volunteers _cby Arthur Gillette |
|
| 260 |
_aLondon _bPenguin Books _c1968 |
||
| 300 | _a123p. | ||
| 365 |
_aINR _b6 |
||
| 925 | _g6 | ||
| 942 |
_cTEXL _hYX;1-m7.56, N68 |
||
| 999 |
_c1447858 _d1447858 |
||